000 00685nam a2200133Ia 4500
008 171212s9999 xx 000 0 und d
020 _a9780833041371
100 _aKelly, Terrence K.;Tunstall, Ellen E.;Szayna, Thomas S.;Weber Prine, Deanna
245 _cKelly, Terrence K.;Tunstall, Ellen E.;Szayna, Thomas S.;Weber Prine, Deanna
_aStabilization and Reconstruction Staffing
_bDeveloping U.S. Civilian Personnel Capabilities
260 _bRAND Corporation
_c2008
650 _aManagement & Organizational Behavior
650 _aPostwar reconstruction; Personnel management -- United States; Human capital -- United States -- Management
856 _uwww.jstor.org/stable/10.7249/mg580rc
999 _c352557
_d352557